[Event "Burgas op 18th"]
[Site "Ourense"]
[Date "2009.07.12"]
[Round "6"]
[White "Pena Lodeiro, Jose Luis"]
[Black "Vidal del Rio, Diego"]
[Result "0-1"]
[WhiteElo "1750"]
[BlackElo "2134"]
[PlyCount "62"]
[EventDate "2009.07.07"]
[EventType "swiss"]
[EventRounds "9"]
[EventCountry "ESP"]
[SourceTitle "CBM 131 Extra"]
[Source "ChessBase"]
[SourceDate "2009.09.03"]
[SourceVersion "2"]
[SourceVersionDate "2009.09.16"]
[SourceQuality "1"]

1. d4 Nf6 2. c4 e5 3. dxe5 Ne4 4. Nf3 Bb4+ 5. Nbd2 Nc6 6. a3 Bxd2+ 7. Nxd2 Nxd2 8. Qxd2 Nxe5 9. e4 Qe7 10. f3 f5 11. Qf4 0-0 12. b3 fxe4 13. Qxe4 Rxf3 14. Qd5+ Rf7 15. Kd1 c6 16. Qd4 d5 17. Be2 dxc4 18. bxc4 Bg4 19. Qe3 Rd8+ 20. Kc2 Bxe2 21. Qxe2 Qc5 22. Be3 Qxc4+ 23. Qxc4 Nxc4 24. Bxa7 b5 25. a4 Rxa7 26. axb5 Rxa1 27. Rxa1 cxb5 28. Kb3 Rd2 29. Ra2 Rxa2 30. Kxa2 Kf7 31. Kb3 Ke6 0-1

[Event "Burgas op 17th"]
[Site "Ourense"]
[Date "2008.07.09"]
[Round "7"]
[White "Pena Lodeiro, Jose Luis"]
[Black "Perez Dorado, Jorge"]
[Result "0-1"]
[WhiteElo "1809"]
[BlackElo "1985"]
[PlyCount "88"]
[EventDate "2008.07.03"]
[EventType "swiss"]
[EventRounds "9"]
[EventCountry "ESP"]
[SourceTitle "CBM 125 Extra"]
[Source "ChessBase"]
[SourceDate "2008.09.01"]
[SourceVersion "1"]
[SourceVersionDate "2008.09.01"]
[SourceQuality "1"]

1. c4 g6 2. Nc3 Bg7 3. Nf3 Nf6 4. d4 0-0 5. e4 d6 6. Be2 c5 7. 0-0 cxd4 8. Nxd4 Nc6 9. Nf3 b6 10. Re1 Bb7 11. Bf1 Nd7 12. Be3 Rc8 13. a3 Nce5 14. Nxe5 Nxe5 15. Qb3 Qd7 16. Rac1 Bc6 17. f3 Qb7 18. Qc2 Rc7 19. b3 Rfc8 20. Nd5 Bxd5 21. exd5 Qxd5 22. Qa2 Qc6 23. Be2 Qd7 24. Red1 Qe6 25. Qd2 Nd7 26. b4 Bb2 27. Rc2 Bg7 28. h3 d5 29. c5 bxc5 30. bxc5 Nxc5 31. Rb1 Ne4 32. fxe4 Rxc2 33. Qe1 Qxe4 34. Bf3 Qe5 35. Bd1 R2c3 36. Kf2 d4 37. Bd2 Qxe1+ 38. Kxe1 Rxa3 39. Rb7 Ra6 40. Rxe7 Re6+ 41. Rxe6 fxe6 42. Bg4 Kf7 43. Ke2 Rc5 44. Kf3 h5 0-1